00300nam a2200121Ia 4500008004100000041000900041082001800050100003000068245002600098260003800124300000800162650000800170230718s9999 xx 000 0 und d aEng. a344078bFAR-R aFarduji mulla, S. Dinshah 0aRegistration Act 1908 aPakistanbMansoor law housec2013 a140 aLaw